| Tag |
First Indicator |
Second Indicator |
Subfields |
| LEADER |
00000cam a2200000 a 4500 |
| 001 |
in00002445421 |
| 005 |
20211202190410.0 |
| 006 |
m d f |
| 007 |
cr cn||||||||| |
| 008 |
081216s2008 dcu sb f000 0 eng c |
| 035 |
|
|
|a (OCoLC)ocn287208647
|
| 037 |
|
|
|a NCJ 221753
|b OVC
|
| 040 |
|
|
|a GPO
|c GPO
|d MvI
|d UtOrBLW
|
| 042 |
|
|
|a pcc
|
| 043 |
|
|
|a n-us-wv
|
| 049 |
|
|
|a WWW
|
| 074 |
|
|
|a 0720-B (online)
|
| 086 |
0 |
|
|a J 34.2:SE 9
|
| 100 |
1 |
|
|a Littel, Kristin.
|
| 245 |
1 |
0 |
|a Implementing SANE programs in rural communities :
|b the West Virginia Regional Mobile SANE Project.
|
| 264 |
|
1 |
|a [Washington, D.C.] :
|b U.S. Dept. of Justice, Office of Justice Programs, Office for Victims of Crimes,
|c 2008.
|
| 300 |
|
|
|a 1 electronic text :
|b HTML file.
|
| 336 |
|
|
|a text
|b txt
|2 rdacontent
|
| 337 |
|
|
|a computer
|b c
|2 rdamedia
|
| 338 |
|
|
|a online resource
|b cr
|2 rdacarrier
|
| 538 |
|
|
|a Mode of access: Internet from the OVC web site. Address as of 12/16/08: http://www.ojp.usdoj.gov/ovc/publications/infores/WVA%5FMobile%5FSANE%5Fguide/pfv.html ; current access available via PURL.
|
| 500 |
|
|
|a Title from title screen (viewed on Dec. 16, 2008).
|
| 500 |
|
|
|a "Publication date: June 2008."
|
| 500 |
|
|
|a "This publication was supported by grant number 2002-VF-GX-0005."
|
| 504 |
|
|
|a Includes bibliographical references.
|
| 500 |
|
|
|a Electronic resource.
|
| 650 |
|
0 |
|a Rape victims
|x Medical examinations
|z West Virginia.
|
| 650 |
|
0 |
|a Forensic nursing
|z West Virginia.
|
| 650 |
|
0 |
|a Rural nursing
|z West Virginia.
|
| 710 |
1 |
|
|a United States.
|b Office of Justice Programs.
|b Office for Victims of Crime.
|
| 856 |
4 |
0 |
|u https://purl.fdlp.gov/GPO/LPS106584
|t 0
|
| 999 |
|
|
|a MARS
|
| 999 |
f |
f |
|s 14d21de3-1f61-331f-87ce-5e891d8e4e59
|i c38f9128-6e6f-3539-82ca-c87dc869a1a3
|t 0
|
| 952 |
f |
f |
|a Texas A&M University
|b College Station
|c Electronic Resources
|d Available Online
|t 0
|e J 34.2:SE 9
|h Superintendent of Documents classification
|
| 998 |
f |
f |
|a J 34.2:SE 9
|t 0
|l Available Online
|